| 000 | 00587nam a2200181 i 4500 | ||
|---|---|---|---|
| 001 | 47129 | ||
| 003 | ES-MaACL | ||
| 005 | 20230906161517.0 | ||
| 007 | t| | ||
| 008 | 030403s1957 sp ||||1| spa d | ||
| 245 | 0 | 0 |
_aControl automático / _cpor varios especialitas del Scientific American ; traducción de Fernando Vela. |
| 260 |
_aMadrid : _bRevista de Occidente, _c[1957] ( _fClavileño) |
||
| 300 |
_a242 p. : _bil. ; _c18 cm. |
||
| 650 | 0 | 0 |
_aControl automático. _911337 |
| 700 | 1 |
_aVela, Fernando. _9113674 |
|
| 710 | 2 |
_aScientific American. _96515 |
|
| 852 |
_aES-MaACL _jC-12453 |
||
| 999 |
_c47129 _d47129 |
||